Lecciones de clínica médica dadas en el hospital Hotel-Dieu de Paris en el curso de 1896 a 1897 / (Record no. 48777)

MARC details
000 -LEADER
campo de control de longitud fija 00878nam a22002175i 4500
001 - NÚMERO DE CONTROL
campo de control 48777
003 - IDENTIFICADOR DE NÚMERO DE CONTROL
campo de control ES-MaACL
005 - FECHA Y HORA DE LA ÚLTIMA TRANSACCIÓN
campo de control 20230906161822.0
007 - CAMPO FIJO DE DESCRIPCIÓN FÍSICA--INFORMACIÓN GENERAL
campo de control de longitud fija t|
008 - DATOS DE LONGITUD FIJA--INFORMACIÓN GENERAL
campo de control de longitud fija 940202m18971904sp a ||||1| spa d
040 ## - FUENTE DE CATALOGACIÓN
Centro catalogador/agencia de origen CAM
Lengua de catalogación spa
100 1# - ENTRADA PRINCIPAL--NOMBRE DE PERSONA
Nombre de persona Dieulafoy, Georges.
9 (RLIN) 44635
245 10 - MENCIÓN DEL TÍTULO
Título Lecciones de clínica médica dadas en el hospital Hotel-Dieu de Paris en el curso de 1896 a 1897 /
Mención de responsabilidad, etc. por G. Dieulafoy ; traducido por Rafael Ulecia y Cardona.
260 ## - PUBLICACIÓN, DISTRIBUCIÓN, ETC.
Lugar de publicación, distribución, etc. Madrid :
Nombre del editor, distribuidor, etc. Revista de Medicina y Cirugía Prácticas,
Fecha de publicación, distribución, etc. 1897-1904 (
Fabricante Nicolás Moya)
300 ## - DESCRIPCIÓN FÍSICA
Extensión 4 v. ;
Dimensiones 25 cm.
490 1# - MENCIÓN DE SERIE
Mención de serie Biblioteca económica de la Revista de Medicina y Cirugía Prácticas
700 1# - ENTRADA AGREGADA--NOMBRE PERSONAL
Nombre de persona Ulecia y Cardona, Rafael (
Fechas asociadas al nombre 1850-1912)
9 (RLIN) 111917
830 0# - PUNTO DE ACCESO ADICIONAL DE SERIE-TÍTULO UNIFORME
Título uniforme Biblioteca económica de la Revista de Medicina y Cirugía Prácticas
9 (RLIN) 182251
852 ## - LOCALIZACIÓN
Ubicación ES-MaACL
Número de control de estantería B-11022-5
Holdings
Estatus retirado Estado de pérdida Estado de daño No para préstamo Colección Biblioteca de origen Biblioteca actual Ubicación en estantería Fecha de adquisición Fuente de adquisición Total de préstamos Signatura topográfica completa Código de barras Visto por última vez Precio de reemplazo Tipo de ítem Koha
        Libros del s. XIX Biblioteca del Ateneo de Madrid Biblioteca del Ateneo de Madrid Sala Pardo Bazán 17/01/2008     B-11022-5 1051331 23/02/2023 23/02/2023 Libro impreso antiguo